000 00240nam a2200097Ia 4500
001 773667
005 20250826165756.0
008 250824s9999 xx 000 0 und d
245 0 _aAYDIN DESPOTİZMİ
_cALEV ALATLI
260 _bEVEREST YAYINLARI
999 _c773667
_d773667